| 000 | 01049nam a2200265 i 4500 | ||
|---|---|---|---|
| 001 | 76140 | ||
| 003 | ES-MaACL | ||
| 005 | 20250801090222.0 | ||
| 007 | t| | ||
| 008 | 040929s1977 sp ||||1| spa d | ||
| 020 | _a84-265-7195-6 | ||
| 080 | _a929 Valle-Inclán, Ramón del | ||
| 080 | _a860 Valle-Inclán, Ramón del 1.06 | ||
| 100 | 1 |
_aGuerrero, Obdulia. _960561 |
|
| 245 | 1 | 0 |
_aValle-Inclán y el novecientos : _bapuntes para un estudio biográfico-literario / _cObdulia Guerrero ; presentación, Celso Emilio Ferreiro. |
| 260 |
_a[Madrid : _bMagisterio Español, _c1977] |
||
| 300 |
_a200 p. : _bil. ; _c18 cm. |
||
| 490 | 1 |
_aNovelas y cuentos ; _v192. Cultura. Biografías |
|
| 600 | 1 | 4 |
_aValle-Inclán, Ramón del, _d1866-1936- _xBiografías _9112798 |
| 600 | 1 | 4 |
_aValle-Inclán, Ramón del, _d1866-1936- _xCrítica e interpretación _9112800 |
| 700 | 1 |
_aFerreiro, Celso Emilio, _d1912-1979 _950391 |
|
| 830 | 1 | 0 |
_aNovelas y cuentos _v192. Cultura. Biografías _9179596 |
| 852 |
_aES-MaACL _jA-6818 |
||
| 999 |
_c76140 _d76140 |
||